000 00626nam a2200241Ia 4500
005 20260430150006.0
008 008 250103s9999 xx 000 0 eng d
037 _aTheses
040 _aCRL
040 _beng
040 _ceng
041 _2eng
041 _aeng
084 _qCRL
100 _aLaishram Priti Au.; Aphun Kamei Gu.
_91236133
245 0 _aRethinking resistance: a sociological study of everyday life in Manipur
260 _c2020
300 _a234p.
650 _aSociology
700 _aUniversity of Delhi. Delhi school of economics. Sociology
942 _cTH
999 _c1848673
_d1848673